<?xml version="1.0" encoding="UTF-8"?>
<record
    xmlns:xsi="http://www.w3.org/2001/XMLSchema-instance"
    xsi:schemaLocation="http://www.loc.gov/MARC21/slim http://www.loc.gov/standards/marcxml/schema/MARC21slim.xsd"
    xmlns="http://www.loc.gov/MARC21/slim">

  <leader>00543nam a22001577a 4500</leader>
  <controlfield tag="003">OSt</controlfield>
  <controlfield tag="005">20160321093521.0</controlfield>
  <controlfield tag="008">160321b        xxu||||| |||| 00| 0 eng d</controlfield>
  <datafield tag="040" ind1=" " ind2=" ">
    <subfield code="c">RUA</subfield>
  </datafield>
  <datafield tag="082" ind1=" " ind2=" ">
    <subfield code="a">FIS SVA 2004 B473 Or.1</subfield>
  </datafield>
  <datafield tag="100" ind1=" " ind2=" ">
    <subfield code="9">8078</subfield>
    <subfield code="a">SVAY SAMATH; &#x179F;&#x17D2;&#x179C;&#x17B6;&#x1799; &#x179F;&#x17C6;&#x17A2;&#x17B6;&#x178F;</subfield>
  </datafield>
  <datafield tag="245" ind1=" " ind2=" ">
    <subfield code="a">&#x1780;&#x17B6;&#x179A;&#x1782;&#x17D2;&#x179A;&#x1794;&#x17CB;&#x1782;&#x17D2;&#x179A;&#x1784;&#x1792;&#x17D2;&#x179C;&#x17BE;&#x17A2;&#x17B6;&#x1787;&#x17B8;&#x179C;&#x1780;&#x1798;&#x17D2;&#x1798;&#x17A1;&#x17BC;&#x1793;&#x17C1;&#x179F;&#x17B6;&#x1791; &#x179B;&#x17C1;&#x1781;&#x17E6; &#x1781;&#x17C1;&#x178F;&#x17D2;&#x178F;&#x1796;&#x17C4;&#x1792;&#x17B7;&#x179F;&#x17B6;&#x178F;&#x17CB;</subfield>
  </datafield>
  <datafield tag="260" ind1=" " ind2=" ">
    <subfield code="a">Phnom Penh</subfield>
    <subfield code="b">RUA</subfield>
    <subfield code="c">2004</subfield>
  </datafield>
  <datafield tag="300" ind1=" " ind2=" ">
    <subfield code="a">iv;29p.</subfield>
    <subfield code="b">ill.</subfield>
    <subfield code="c">29cm.</subfield>
  </datafield>
  <datafield tag="942" ind1=" " ind2=" ">
    <subfield code="2">ddc</subfield>
    <subfield code="c">FIS</subfield>
  </datafield>
  <datafield tag="999" ind1=" " ind2=" ">
    <subfield code="c">7680</subfield>
    <subfield code="d">7680</subfield>
  </datafield>
  <datafield tag="952" ind1=" " ind2=" ">
    <subfield code="0">0</subfield>
    <subfield code="1">0</subfield>
    <subfield code="2">ddc</subfield>
    <subfield code="4">0</subfield>
    <subfield code="6">FIS_SVA_2004_000000000000000_B473_OR_1</subfield>
    <subfield code="7">0</subfield>
    <subfield code="9">45303</subfield>
    <subfield code="a">LBB</subfield>
    <subfield code="b">LBB</subfield>
    <subfield code="c">B473</subfield>
    <subfield code="d">2016-03-21</subfield>
    <subfield code="o">FIS SVA 2004 B473 Or.1</subfield>
    <subfield code="p">RUA011459</subfield>
    <subfield code="r">2016-03-21</subfield>
    <subfield code="w">2016-03-21</subfield>
    <subfield code="y">FIS</subfield>
  </datafield>
</record>
